00547nai a2200157Ia 4500003000900000008004100009022002200050022002300072040001600095245005300111260003400164310001200198362002600210521006900236856008400305IN-BaIIA211028c9999 xx s 000 0 eng d a0022-3573 (Print) a2042-7158 (Online) cIIA Library 0aJournal of Pharmacy and Pharmacologyh[eJournal] aNew JerseybJohn Wiley & Sons aMonthly a49(1); 1997 - Present bSubscribed through National Knowledge Resource Consortium (NKRC) uhttps://onlinelibrary.wiley.com/journal/20427158yClick Here to Access eJournal